Statistics for Countries Closest to Western Sahara

Click here to take the quiz!

General Stats

  • This quiz has been taken 1,014 times
  • The average score is 18 of 20

Answer Stats

kmcountrymiles% Correct
0Morocco0
99%
0Algeria0
97%
1532Niger952
95%
238Mali148
94%
0Mauritania0
94%
479Senegal298
93%
799Gambia496
91%
965Guinea600
91%
1780Libya1106
90%
1690Tunisia1050
90%
1581Ghana982
88%
1294Burkina Faso804
87%
1340Côte d’Ivoire833
87%
921Guinea-Bissau572
87%
1267Sierra Leone788
87%
1458Liberia906
86%
1781Togo1106
86%
755Cabo Verde469
83%
98Spain61
83%
1036Portugal644
77%

Score Distribution

Percentile by Number Answered

Percent of People with Each Score

Your Score History

You have not taken this quiz